| 000 | 00717 a2200217 4500 | ||
|---|---|---|---|
| 010 | _aENG-85806 | ||
| 020 |
_a8176299286 _c880.00 |
||
| 035 | _aEN-69339 | ||
| 037 | _bDBAD / PUB. | ||
| 082 | 1 | 4 | _a346.54066 |
| 090 |
_c3683 _d3683 |
||
| 100 | 1 | _aJain, N K. | |
| 245 | 1 |
_aCompany Law _cby N.K. Singh _blaw and practice |
|
| 260 |
_aNew Delhi _bDeep & Deep Publications _c2007 |
||
| 270 |
_aF-159, Rajouri Garden, _bNew Delhi _cDelhi _e110 027 _k25435369, 25440916 _mddpbooks@yahoo.co.in |
||
| 300 |
_axvi, 522p. _c22 cm (Hb). |
||
| 500 | _aIncludes index | ||
| 650 | _aCompany law | ||
| 942 |
_adpl _cEN _k346.54066 / JAI |
||
| 999 |
_c3607 _d3607 |
||